[Event "Brasil op 3rd"]
[Site "Brazil"]
[Date "2010.04.04"]
[Round "6"]
[White "De Oliveira, Hebert Silva"]
[Black "Gadelha, Allan"]
[Result "0-1"]
[WhiteElo "2126"]
[BlackElo "2035"]
[PlyCount "70"]
[EventDate "2010.04.01"]
[EventType "swiss"]
[EventRounds "7"]
[EventCountry "BRA"]
[SourceTitle "EXT 2012"]
[Source "ChessBase"]
[SourceDate "2011.11.24"]
[SourceVersion "1"]
[SourceVersionDate "2011.11.24"]
[SourceQuality "1"]

1. d4 Nf6 2. c4 e6 3. Nc3 d5 4. e3 Be7 5. Nf3 0-0 6. Bd3 Nbd7 7. 0-0 b6 8. cxd5 exd5 9. Bd2 c5 10. b3 Bb7 11. Rc1 Rc8 12. Qe2 Bd6 13. Rfd1 Re8 14. Nb5 Bb8 15. Bc3 Qe7 16. Bb2 Ne4 17. Ba3 f5 18. Nc3 Ndf6 19. dxc5 bxc5 20. Na4 Ng4 21. Rf1 Nxh2 22. Nxh2 Bxh2+ 23. Kxh2 Qh4+ 24. Kg1 Rc6 25. Qf3 Rh6 26. Qh3 Qg5 27. Qf3 Nd2 28. Qg3 Qh5 29. Qh3 Nf3+ 30. Kh1 Qg5 31. Nxc5 Rxh3+ 32. gxh3 Ba8 33. Bb2 d4 34. e4 Qf4 35. Kg2 Nh4+ 0-1